| 000 | 00732nam a2200217Ia 4500 | ||
|---|---|---|---|
| 999 |
_c21999 _d21999 |
||
| 003 | OSt | ||
| 005 | 20211007111246.0 | ||
| 008 | 160316s2004 xxu||||| |||| 00| 0 eng d | ||
| 020 | _a9780471491217 | ||
| 040 | _cn | ||
| 082 |
_a364.168000 _bWEL |
||
| 100 | _aWells Joseph T | ||
| 245 | _aCorporate fraud handbook : Prevention and detection | ||
| 260 |
_aNew Jersey _bJohn Wiley & Sons _c2004 |
||
| 300 |
_a440p _cx |
||
| 365 | _b Rs.3,130 | ||
| 650 | _a1.White Collar Crime - Corporate Sector - U K.2.Fraud - Impact - Corporations - U K.3.Corporate Crimes - U K. | ||
| 700 |
_a _a |
||
| 856 | _uhttps://www.google.co.in/books/edition/Corporate_Fraud_Handbook/iSGZDgAAQBAJ?hl=en&gbpv=1&printsec=frontcover | ||
| 942 |
_2ddc _cBK |
||